000 00921nam a2200241Mi 4500
005 20150126103022.0
008 150126s2013 enk fr 001 0 eng d
020 _a9781849461214
040 _aCO-BoUCM
_bspa
_cJose A. Gerena
_dJose A. Gerena
041 0 _aeng
100 1 _aMitchell, Catherine
_966693
245 1 0 _aContract law and contract practice
_bbridging the gap between legal reasoning and commercial expectation
_cCatherine Mitchell
260 _aOxford (Oxfordshire, Inglaterra)
_bHart
_c2013
300 _axvii, 288 páginas
504 _aIncluye referencias bibliográficas e índices
650 7 _aDerecho privado
_912819
650 7 _aDerecho comercial
_912717
650 7 _aContratos
_911818
_xAspectos jurídicos
650 7 _aComercio
_911192
_xAspectos jurídicos
690 _942779
_aDerecho privado
942 _2DEWEY
_a8
_cLIBRO
_e1
_h346.02
_mM681
999 _c297801
_d297801